[Event "RB-2020-0-00397"]
[Site "LSS email"]
[Date "2020.12.16"]
[Round "?"]
[White "Laffont, Jose Eduardo Alfred"]
[Black "Malmstrom, Jan"]
[Result "1/2-1/2"]
[WhiteElo "1895"]
[BlackElo "1808"]
[PlyCount "47"]
[EventDate "2020.07.27"]
[EventType "tourn (corr)"]
[EventRounds "6"]
[EventCountry "GER"]
[SourceTitle "Corr 2022"]
[Source "ChessBase"]
[SourceDate "2021.10.24"]
[SourceVersion "1"]
[SourceVersionDate "2021.10.24"]
[SourceQuality "1"]

1. e4 c5 2. Nf3 Nc6 3. d4 cxd4 4. Nxd4 e6 5. Bb5 Nf6 6. Nc3 Be7 7. 0-0 0-0 8. Be3 Qc7 9. f4 a6 10. Be2 d5 11. e5 Ne4 12. Nxe4 dxe4 13. c3 Rd8 14. Qb1 Nxd4 15. cxd4 b5 16. Qxe4 Bb7 17. Qd3 g6 18. Rfc1 Qd7 19. Qd1 Rac8 20. h3 Rxc1 21. Rxc1 Rc8 22. Rxc8+ Qxc8 23. Kh2 Bd5 24. a3 1/2-1/2

[Event "RB-2020-0-00397"]
[Site "LSS email"]
[Date "2020.12.15"]
[Round "?"]
[White "Lipsits, Sasha"]
[Black "Laffont, Jose Eduardo Alfred"]
[Result "1/2-1/2"]
[WhiteElo "1911"]
[BlackElo "1895"]
[PlyCount "83"]
[EventDate "2020.07.27"]
[EventType "tourn (corr)"]
[EventRounds "6"]
[EventCountry "GER"]
[SourceTitle "Corr 2022"]
[Source "ChessBase"]
[SourceDate "2021.10.24"]
[SourceVersion "1"]
[SourceVersionDate "2021.10.24"]
[SourceQuality "1"]

1. d4 Nf6 2. c4 g6 3. Nc3 Bg7 4. e4 d6 5. f3 0-0 6. Be3 e5 7. d5 c6 8. Qd2 cxd5 9. cxd5 a6 10. Bd3 Nbd7 11. Nge2 Nc5 12. Bc2 b5 13. 0-0 Ncd7 14. Rac1 Nb6 15. b3 Bb7 16. Nd1 Nfd7 17. Bg5 Bf6 18. Be3 Bg7 19. Nf2 Rc8 20. Bb1 Nc5 21. g4 Nbd7 22. h4 a5 23. h5 b4 24. Ng3 Ba6 25. Rfe1 Rc7 26. Kg2 Qe7 27. Bd3 Bxd3 28. Nxd3 Rfc8 29. Nf2 Qd8 30. g5 a4 31. bxa4 b3 32. Rb1 bxa2 33. Rb2 Nxa4 34. Rxa2 Nab6 35. Qd1 Nc4 36. Bc1 Bf8 37. hxg6 fxg6 38. Ngh1 Nc5 39. Nh3 Rb8 40. N1f2 Nb3 41. Ng4 Bg7 42. Qe2 1/2-1/2

[Event "RB-2020-0-00386"]
[Site "LSS email"]
[Date "2020.01.21"]
[Round "?"]
[White "Mueller, Bernd"]
[Black "Laffont, Jose Eduardo Alfred"]
[Result "1/2-1/2"]
[WhiteElo "1797"]
[BlackElo "1816"]
[PlyCount "86"]
[EventDate "2019.12.14"]
[EventType "tourn (corr)"]
[EventRounds "6"]
[EventCountry "GER"]
[SourceTitle "Corr 2022"]
[Source "ChessBase"]
[SourceDate "2021.10.24"]
[SourceVersion "1"]
[SourceVersionDate "2021.10.24"]
[SourceQuality "1"]

1. b3 g6 2. Bb2 Nf6 3. Nf3 Bg7 4. e3 0-0 5. d4 d6 6. Be2 Nbd7 7. c4 c6 8. Qc2 Re8 9. 0-0 e5 10. dxe5 dxe5 11. Rd1 Qe7 12. Nc3 e4 13. Nd2 Nc5 14. Na4 Nxa4 15. bxa4 c5 16. Nb1 Bd7 17. Nc3 Bc6 18. Rd2 Rad8 19. Rad1 Rxd2 20. Qxd2 Nd7 21. Nd5 Qg5 22. Nc7 Rb8 23. Bxg7 Kxg7 24. a5 Qe5 25. Nb5 a6 26. Nc3 Re8 27. Nd5 Re6 28. Nf4 Rf6 29. g3 Ba4 30. Rb1 Bc6 31. Rd1 h6 32. h3 Ba4 33. Rb1 Rd6 34. Nd5 Bc6 35. Qc2 h5 36. h4 Kf8 37. Rd1 Nf6 38. Nxf6 Rxf6 39. Kg2 Qf5 40. Rf1 Kg7 41. Qb2 Kg8 42. Kg1 Rd6 43. Rd1 Rxd1+ 1/2-1/2

[Event "RB-2020-0-00386"]
[Site "LSS email"]
[Date "2020.01.19"]
[Round "?"]
[White "Laffont, Jose Eduardo Alfred"]
[Black "Neumann, Ulf"]
[Result "1/2-1/2"]
[WhiteElo "1816"]
[BlackElo "1900"]
[PlyCount "90"]
[EventDate "2019.12.14"]
[EventType "tourn (corr)"]
[EventRounds "6"]
[EventCountry "GER"]
[SourceTitle "Corr 2022"]
[Source "ChessBase"]
[SourceDate "2021.10.24"]
[SourceVersion "1"]
[SourceVersionDate "2021.10.24"]
[SourceQuality "1"]

1. c4 e5 2. g3 Nf6 3. Bg2 Bc5 4. Nc3 0-0 5. Nf3 d6 6. d4 exd4 7. Nxd4 Nbd7 8. b3 a6 9. Bb2 Rb8 10. 0-0 Re8 11. Rc1 Ne5 12. Nd5 c6 13. Nxf6+ Qxf6 14. Qd2 Qg6 15. b4 Ba7 16. c5 d5 17. Qc3 Ng4 18. Nf3 Nf6 19. Nh4 Qg5 20. Qc2 Ra8 21. Bd4 Bb8 22. Rcd1 Qh6 23. a4 Bd7 24. b5 axb5 25. axb5 cxb5 26. Bxf6 Qxf6 27. Bxd5 Ra3 28. Qc1 Ra4 29. Bb3 Bh3 30. Bxa4 bxa4 31. Rfe1 Ba7 32. e4 Rc8 33. Rd6 Be6 34. e5 Qe7 35. c6 Bb8 36. Rd4 a3 37. Nf3 a2 38. Ng5 a1B 39. Qxa1 Qxg5 40. cxb7 Re8 41. Qa5 h6 42. Qc5 Bh3 43. Red1 Kh7 44. Qc2+ Bf5 45. Qa4 Qe7 1/2-1/2

[Event "RC-2019-0-00234"]
[Site "LSS email"]
[Date "2019.09.15"]
[Round "?"]
[White "Madrid Sole, Antonio"]
[Black "Laffont, Jose Eduardo Alfred"]
[Result "1-0"]
[WhiteElo "1834"]
[BlackElo "1852"]
[PlyCount "85"]
[EventDate "2019.05.29"]
[EventType "tourn (corr)"]
[EventRounds "6"]
[EventCountry "GER"]
[SourceTitle "Corr 2022"]
[Source "ChessBase"]
[SourceDate "2021.10.24"]
[SourceVersion "1"]
[SourceVersionDate "2021.10.24"]
[SourceQuality "1"]

1. e4 d6 2. d4 Nf6 3. Bd3 e5 4. c3 Nc6 5. Nf3 Bg4 6. d5 Ne7 7. h3 Bd7 8. 0-0 Ng6 9. c4 Be7 10. Re1 Nh5 11. Nc3 Nhf4 12. Bf1 0-0 13. Kh2 Nh8 14. Be3 Qc8 15. c5 Nhg6 16. cxd6 Bxd6 17. Ng1 Ne7 18. Bxf4 exf4 19. e5 Bb4 20. Nf3 Bf5 21. a3 Bxc3 22. bxc3 Qd7 23. c4 Rad8 24. Qd4 Ng6 25. Rad1 Rfe8 26. Qxa7 b6 27. e6 fxe6 28. dxe6 Qc8 29. Rxd8 Qxd8 30. c5 Bxe6 31. cxb6 cxb6 32. Rxe6 Rxe6 33. Bc4 Nf8 34. Ne5 Qe8 35. Qxb6 h5 36. a4 Kh7 37. Bxe6 Qxe6 38. Qb1+ Kg8 39. Qb8 g5 40. a5 g4 41. h4 f3 42. gxf3 gxf3 43. Nxf3 1-0

[Event "RC-2019-0-00234"]
[Site "LSS email"]
[Date "2019.09.14"]
[Round "?"]
[White "Garrett, Keith"]
[Black "Laffont, Jose Eduardo Alfred"]
[Result "0-1"]
[WhiteElo "1754"]
[BlackElo "1852"]
[PlyCount "40"]
[EventDate "2019.05.29"]
[EventType "tourn (corr)"]
[EventRounds "6"]
[EventCountry "GER"]
[SourceTitle "Corr 2022"]
[Source "ChessBase"]
[SourceDate "2021.10.24"]
[SourceVersion "1"]
[SourceVersionDate "2021.10.24"]
[SourceQuality "1"]

1. d4 Nf6 2. c4 e6 3. Nf3 b6 4. a3 Bb7 5. Nc3 Ne4 6. Nxe4 Bxe4 7. Nd2 Bb7 8. e4 d6 9. Bd3 g6 10. Nf3 Bg7 11. Bg5 Qd7 12. 0-0 0-0 13. Qd2 Nc6 14. d5 exd5 15. cxd5 Na5 16. Rae1 Nb3 17. Qc2 Nc5 18. Bc4 a5 19. Be3 Rfe8 20. Bd4 b5 0-1

[Event "RC-2019-0-00234"]
[Site "LSS email"]
[Date "2019.09.14"]
[Round "?"]
[White "Schleef, Harald"]
[Black "Laffont, Jose Eduardo Alfred"]
[Result "1-0"]
[WhiteElo "1713"]
[BlackElo "1852"]
[PlyCount "105"]
[EventDate "2019.05.29"]
[EventType "tourn (corr)"]
[EventRounds "6"]
[EventCountry "GER"]
[SourceTitle "Corr 2022"]
[Source "ChessBase"]
[SourceDate "2021.10.24"]
[SourceVersion "1"]
[SourceVersionDate "2021.10.24"]
[SourceQuality "1"]

1. e4 d5 2. exd5 Qxd5 3. Nc3 Qa5 4. d4 Nf6 5. Nf3 c6 6. Bc4 Bf5 7. Ne5 e6 8. g4 Bg6 9. h4 Nbd7 10. Nxd7 Nxd7 11. h5 Be4 12. Rh3 Bd5 13. Bd3 0-0-0 14. Bd2 Qb6 15. Nxd5 exd5 16. c3 Re8+ 17. Kf1 Bd6 18. Rf3 Re7 19. b3 Qd8 20. c4 dxc4 21. bxc4 c5 22. dxc5 Bxc5 23. Bf4 g6 24. Bc2 Re6 25. Rd3 Qf6 26. Bg3 Nb6 27. Rb1 Rhe8 28. Kg2 Qe7 29. Qd2 Re4 30. Bd1 Rd8 31. Bf3 Rxd3 32. Qxd3 Re1 33. Rb2 Re6 34. Qc3 f6 35. hxg6 hxg6 36. Qd3 Re5 37. Bxe5 Qxe5 38. Rd2 Qe8 39. Re2 Qf7 40. Bd5 Nxd5 41. cxd5 Bb6 42. Qc4+ Kb8 43. Qb5 Kc8 44. Re8+ Bd8 45. Qc5+ Qc7 46. Qxa7 Qd7 47. Qa8+ Kc7 48. Qa5+ Kc8 49. Qxd8+ Qxd8 50. Rxd8+ Kxd8 51. a4 Kd7 52. Kf3 Ke7 53. a5 1-0

[Event "RB-2018-0-00362"]
[Site "LSS email"]
[Date "2018.10.01"]
[Round "?"]
[White "Sirotkin, Evgenji"]
[Black "Laffont, Jose Eduardo Alfred"]
[Result "1-0"]
[WhiteElo "1972"]
[BlackElo "1829"]
[PlyCount "111"]
[EventDate "2018.05.12"]
[EventType "tourn (corr)"]
[EventRounds "6"]
[EventCountry "GER"]
[SourceTitle "Corr 2022"]
[Source "ChessBase"]
[SourceDate "2021.10.24"]
[SourceVersion "1"]
[SourceVersionDate "2021.10.24"]
[SourceQuality "1"]

1. d4 g6 2. c4 Nf6 3. f3 c5 4. d5 Bg7 5. e4 d6 6. Nc3 0-0 7. Bg5 h6 8. Be3 e6 9. Qd2 exd5 10. cxd5 Re8 11. Nge2 Nbd7 12. Bxh6 Nxe4 13. Nxe4 Qh4+ 14. g3 Qxh6 15. Qxh6 Bxh6 16. Nxd6 Rd8 17. Nc3 Nb6 18. Nde4 Kg7 19. Rd1 Be3 20. h4 Bd4 21. Be2 f5 22. Ng5 Kf6 23. f4 Nxd5 24. Nxd5+ Rxd5 25. h5 Rd6 26. h6 Be6 27. b3 Rh8 28. Kf1 Bd5 29. Rh2 Rd7 30. Bc4 Bxc4+ 31. bxc4 Re7 32. Re1 Rxe1+ 33. Kxe1 b6 34. a4 Ke7 35. Kd2 Bf6 36. Ke2 Bd4 37. Kf3 Bf6 38. g4 Kf8 39. Kg3 Kg8 40. Nf3 fxg4 41. Kxg4 Kh7 42. Ng5+ Bxg5 43. fxg5 Rd8 44. Rf2 Rd7 45. Rf6 Rd4+ 46. Rf4 Rd7 47. Kf3 Re7 48. Rf6 Re1 49. Rf7+ Kh8 50. Rg7 Re6 51. Rxa7 Re5 52. Kf4 Re1 53. Rg7 Re6 54. Rb7 Kg8 55. Rd7 Kh8 56. Rg7 1-0

[Event "SC-2018-0-00358"]
[Site "LSS email"]
[Date "2018.08.31"]
[Round "?"]
[White "Laffont, Jose Eduardo Alfred"]
[Black "Kraujunas, Vladas"]
[Result "1-0"]
[WhiteElo "1843"]
[BlackElo "1731"]
[PlyCount "109"]
[EventDate "2018.06.20"]
[EventType "tourn (corr)"]
[EventRounds "6"]
[EventCountry "GER"]
[SourceTitle "Corr 2022"]
[Source "ChessBase"]
[SourceDate "2021.10.24"]
[SourceVersion "1"]
[SourceVersionDate "2021.10.24"]
[SourceQuality "1"]

1. b3 d5 2. Bb2 Nf6 3. Nf3 e6 4. e3 Be7 5. d4 0-0 6. Bd3 b6 7. 0-0 Bb7 8. c4 Nbd7 9. Nc3 Ne4 10. cxd5 exd5 11. Qc2 f5 12. Rfd1 Rc8 13. Rac1 c6 14. Ne5 g6 15. b4 Bd6 16. f4 Ndf6 17. Qb3 Qe7 18. a3 Nxc3 19. Bxc3 Rc7 20. Be1 Ne4 21. Rc2 g5 22. Bxe4 fxe4 23. b5 c5 24. Nc6 Bxc6 25. dxc5 Bxc5 26. bxc6 gxf4 27. Bb4 Rxc6 28. Rxd5 Qf7 29. Bxc5 bxc5 30. exf4 c4 31. Rg5+ Rg6 32. Rxg6+ hxg6 33. Rxc4 Re8 34. Rb4 Qxb3 35. Rxb3 Rc8 36. Rb4 e3 37. Kf1 Rc2 38. Re4 Rc3 39. a4 Kf7 40. Ke2 Ra3 41. g3 a5 42. Kf3 Kf6 43. Rxe3 Rxa4 44. Re5 Ra2 45. h4 a4 46. Kg4 a3 47. Ra5 Rb2 48. Rxa3 Rb5 49. Rd3 Ra5 50. Rd6+ Kf7 51. Rd7+ Kg8 52. Re7 Ra3 53. Re5 Kg7 54. h5 gxh5+ 55. Rxh5 1-0

[Event "SC-2018-0-00358"]
[Site "LSS email"]
[Date "2018.08.31"]
[Round "?"]
[White "Laffont, Jose Eduardo Alfred"]
[Black "Martins, Karin"]
[Result "1-0"]
[WhiteElo "1843"]
[BlackElo "1670"]
[PlyCount "113"]
[EventDate "2018.06.20"]
[EventType "tourn (corr)"]
[EventRounds "6"]
[EventCountry "GER"]
[SourceTitle "Corr 2022"]
[Source "ChessBase"]
[SourceDate "2021.10.24"]
[SourceVersion "1"]
[SourceVersionDate "2021.10.24"]
[SourceQuality "1"]

1. g3 Nf6 2. Nf3 Nc6 3. Bg2 e5 4. c4 Bc5 5. Nc3 d6 6. 0-0 0-0 7. a3 Be6 8. d3 Qd7 9. b4 Bb6 10. Bg5 Ng4 11. b5 Ne7 12. a4 a5 13. h3 Nxf2 14. Rxf2 Bxf2+ 15. Kxf2 f6 16. Bd2 Bxh3 17. Qb3 Bxg2 18. Kxg2 c5 19. Qd1 b6 20. e4 Rf7 21. Qe2 h6 22. Nh4 f5 23. exf5 Nxf5 24. Nxf5 Qxf5 25. Rh1 Raf8 26. Be1 Rb8 27. Nd5 Qg6 28. Rh3 Rfb7 29. g4 Rf8 30. Bh4 Re8 31. Kh2 Rf7 32. Re3 Rb7 33. Rf3 e4 34. Re3 Kf8 35. Rxe4 Rxe4 36. dxe4 Ke8 37. g5 hxg5 38. Qg4 Kf7 39. Bxg5 Qe6 40. Qf5+ Qxf5 41. exf5 Ke8 42. Kg3 Rb8 43. Kg4 Kd7 44. Kh5 Ke8 45. Kg6 Kf8 46. Be7+ Kg8 47. Bxd6 Re8 48. f6 Re6 49. Be7 gxf6 50. Nxf6+ Kh8 51. Bf8 Re7 52. Nh5 Re6+ 53. Kf7 Kh7 54. Nf6+ Rxf6+ 55. Kxf6 Kg8 56. Bxc5 Kh7 57. Bxb6 1-0

[Event "SC-2018-0-00358"]
[Site "LSS email"]
[Date "2018.08.31"]
[Round "?"]
[White "Schulz, Hans Juergen"]
[Black "Laffont, Jose Eduardo Alfred"]
[Result "1/2-1/2"]
[WhiteElo "1830"]
[BlackElo "1843"]
[PlyCount "72"]
[EventDate "2018.06.20"]
[EventType "tourn (corr)"]
[EventRounds "6"]
[EventCountry "GER"]
[SourceTitle "Corr 2022"]
[Source "ChessBase"]
[SourceDate "2021.10.24"]
[SourceVersion "1"]
[SourceVersionDate "2021.10.24"]
[SourceQuality "1"]

1. e4 c5 2. Nf3 d6 3. d4 cxd4 4. Nxd4 Nf6 5. Nc3 g6 6. Be3 Bg7 7. f3 0-0 8. Qd2 Nc6 9. Bc4 Bd7 10. 0-0-0 Rc8 11. Bb3 Nxd4 12. Bxd4 b5 13. Nd5 Nxd5 14. Bxg7 Kxg7 15. exd5 a5 16. a3 Kg8 17. Rhe1 Rc5 18. Re3 b4 19. a4 Qe8 20. Qe2 Bxa4 21. Rxe7 Qxe7 22. Qxe7 Bxb3 23. Rd2 Rfc8 24. Kd1 Rxc2 25. Rxc2 Rxc2 26. Ke1 Rc5 27. Qxd6 Rxd5 28. Qb8+ Kg7 29. Ke2 Bc4+ 30. Ke3 Rb5 31. Qe8 Rg5 32. g4 Be6 33. h4 Rd5 34. g5 Re5+ 35. Kf2 Rc5 36. Qd8 Rf5 1/2-1/2

[Event "RC-2018-0-00221"]
[Site "LSS email"]
[Date "2018.07.29"]
[Round "?"]
[White "Stelmes, Santana"]
[Black "Laffont, Jose Eduardo Alfred"]
[Result "1/2-1/2"]
[WhiteElo "1500"]
[BlackElo "1849"]
[PlyCount "39"]
[EventDate "2018.02.19"]
[EventType "tourn (corr)"]
[EventRounds "6"]
[EventCountry "GER"]
[SourceTitle "Corr 2022"]
[Source "ChessBase"]
[SourceDate "2021.10.24"]
[SourceVersion "1"]
[SourceVersionDate "2021.10.24"]
[SourceQuality "1"]

1. e4 e5 2. Nf3 Nc6 3. Bb5 a6 4. Ba4 Nf6 5. 0-0 Be7 6. Re1 b5 7. Bb3 d6 8. c3 0-0 9. h3 Na5 10. Bc2 c5 11. d4 Qc7 12. d5 Bd7 13. b3 Rfc8 14. Be3 Nb7 15. a4 Na5 16. Nfd2 b4 17. c4 g6 18. Nf3 Nh5 19. Nbd2 Bf6 20. Rb1 1/2-1/2

[Event "RC-2018-0-00218"]
[Site "LSS email"]
[Date "2018.03.04"]
[Round "?"]
[White "Rodriguez, Raul"]
[Black "Laffont, Jose Eduardo Alfred"]
[Result "1-0"]
[WhiteElo "1830"]
[BlackElo "1865"]
[PlyCount "61"]
[EventDate "2017.11.17"]
[EventType "tourn (corr)"]
[EventRounds "6"]
[EventCountry "GER"]
[SourceTitle "Corr 2022"]
[Source "ChessBase"]
[SourceDate "2021.10.24"]
[SourceVersion "1"]
[SourceVersionDate "2021.10.24"]
[SourceQuality "1"]

1. e4 c6 2. d4 d5 3. e5 Bf5 4. Nf3 e6 5. Be2 Ne7 6. 0-0 Nd7 7. Nh4 c5 8. c3 Be4 9. Nd2 Nc6 10. Nxe4 dxe4 11. g3 Be7 12. Ng2 cxd4 13. cxd4 0-0 14. Be3 Nb6 15. Kh1 Nd5 16. Qc2 Qb6 17. Nf4 Rfd8 18. Rad1 g6 19. Qxe4 Nxf4 20. Qxf4 Qxb2 21. Rd2 Qa3 22. Bf3 Qa6 23. Kg2 Nb4 24. h4 Nd5 25. Qe4 Rac8 26. h5 Rd7 27. Qg4 Rc3 28. hxg6 fxg6 29. Be4 Qc6 30. Rh1 Nxe3+ 31. fxe3 1-0

[Event "RC-2018-0-00218"]
[Site "LSS email"]
[Date "2018.02.26"]
[Round "?"]
[White "Laffont, Jose Eduardo Alfred"]
[Black "Shapovalov, Sergey"]
[Result "1/2-1/2"]
[WhiteElo "1865"]
[BlackElo "1732"]
[PlyCount "36"]
[EventDate "2017.11.17"]
[EventType "tourn (corr)"]
[EventRounds "6"]
[EventCountry "GER"]
[SourceTitle "Corr 2022"]
[Source "ChessBase"]
[SourceDate "2021.10.24"]
[SourceVersion "1"]
[SourceVersionDate "2021.10.24"]
[SourceQuality "1"]

1. Nf3 d5 2. b3 Bg4 3. Bb2 Nd7 4. e3 e6 5. h3 Bh5 6. d4 Ngf6 7. Be2 Be7 8. 0-0 0-0 9. Nbd2 c6 10. c4 Ne4 11. Nxe4 dxe4 12. Ne5 Bxe2 13. Qxe2 Nxe5 14. dxe5 Qd3 15. Qg4 Rad8 16. Bd4 c5 17. Rfd1 Qc2 18. Rdc1 Qd3 1/2-1/2

[Event "RC-2018-0-00217"]
[Site "LSS email"]
[Date "2018.02.20"]
[Round "?"]
[White "Lipsits, Sasha"]
[Black "Laffont, Jose Eduardo Alfred"]
[Result "1/2-1/2"]
[WhiteElo "1692"]
[BlackElo "1857"]
[PlyCount "45"]
[EventDate "2017.10.02"]
[EventType "tourn (corr)"]
[EventRounds "6"]
[EventCountry "GER"]
[SourceTitle "Corr 2022"]
[Source "ChessBase"]
[SourceDate "2021.10.24"]
[SourceVersion "1"]
[SourceVersionDate "2021.10.24"]
[SourceQuality "1"]

1. e4 e6 2. d4 d5 3. Nc3 Bb4 4. exd5 exd5 5. Bd3 Nc6 6. Nge2 Nge7 7. 0-0 Bg4 8. h3 Bh5 9. Qd2 Bg6 10. Re1 0-0 11. a3 Bd6 12. Qd1 Re8 13. Nb5 Nf5 14. b3 Bf8 15. Bf4 Rc8 16. Qd2 a6 17. Nbc3 h6 18. Bh2 Be7 19. Nf4 Bg5 20. Rxe8+ Qxe8 21. Ncxd5 Nfxd4 22. Bxg6 fxg6 23. Re1 1/2-1/2

[Event "RC-2018-0-00217"]
[Site "LSS email"]
[Date "2018.02.18"]
[Round "?"]
[White "Laffont, Jose Eduardo Alfred"]
[Black "Zemlyanov, Sergey Mikhailovich"]
[Result "1-0"]
[WhiteElo "1857"]
[BlackElo "1865"]
[PlyCount "39"]
[EventDate "2017.10.02"]
[EventType "tourn (corr)"]
[EventRounds "6"]
[EventCountry "GER"]
[SourceTitle "Corr 2022"]
[Source "ChessBase"]
[SourceDate "2021.10.24"]
[SourceVersion "1"]
[SourceVersionDate "2021.10.24"]
[SourceQuality "1"]

1. d4 Nf6 2. c4 g6 3. Nc3 Bg7 4. e4 d6 5. Be2 0-0 6. Nf3 e5 7. 0-0 Nc6 8. d5 Ne7 9. Ne1 Nd7 10. Be3 f5 11. f3 f4 12. Bf2 g5 13. Rc1 Rf7 14. Nd3 Nf6 15. c5 Ng6 16. b4 h5 17. Nb2 g4 18. Qe1 g3 19. hxg3 fxg3 20. Bxg3 1-0

[Event "RC-2018-0-00217"]
[Site "LSS email"]
[Date "2018.02.17"]
[Round "?"]
[White "Laffont, Jose Eduardo Alfred"]
[Black "Obukhov, Gennady Nikolaevich"]
[Result "1-0"]
[WhiteElo "1857"]
[BlackElo "1819"]
[PlyCount "115"]
[EventDate "2017.10.02"]
[EventType "tourn (corr)"]
[EventRounds "6"]
[EventCountry "GER"]
[SourceTitle "Corr 2022"]
[Source "ChessBase"]
[SourceDate "2021.10.24"]
[SourceVersion "1"]
[SourceVersionDate "2021.10.24"]
[SourceQuality "1"]

1. d4 e6 2. e4 d5 3. Nd2 Nf6 4. e5 Nfd7 5. Bd3 c5 6. c3 Nc6 7. Ne2 cxd4 8. cxd4 f6 9. exf6 Qxf6 10. 0-0 Bd6 11. Nf3 h6 12. Be3 0-0 13. Rc1 Rf7 14. Bb5 Nb6 15. Bxc6 bxc6 16. Rxc6 Nc4 17. Nd2 Qe7 18. Nxc4 dxc4 19. Rxc4 Bb7 20. Rc3 Qh4 21. Ng3 Raf8 22. Qe2 Rd8 23. Rfc1 Re8 24. b4 a6 25. a3 Ref8 26. Qd3 Rf6 27. Rc4 Bd5 28. Rc8 Bb7 29. Rxf8+ Rxf8 30. Re1 Rc8 31. Bd2 Bxg3 32. hxg3 Qh5 33. Bf4 Qf5 34. Qxf5 exf5 35. Re7 Bd5 36. Be5 g5 37. Rg7+ Kf8 38. Rd7 Rc1+ 39. Kh2 Bc4 40. Rc7 Rc2 41. Bg7+ Ke8 42. g4 Bb3 43. Rxc2 Bxc2 44. Bxh6 fxg4 45. Bxg5 Kd7 46. Kg3 Bd1 47. Kf4 Kd6 48. Bd8 Kc6 49. Ke5 Be2 50. d5+ Kd7 51. Bb6 Bd1 52. Bd4 Ke7 53. Be3 Kd7 54. Bg5 Be2 55. a4 Bd1 56. b5 a5 57. b6 Bxa4 58. Bd2 1-0